书目信息 |
| 题名: |
当代物流学
|
|
| 作者: | 墨菲 , 伍德 著 | |
| 分册: | ||
| 出版信息: | 北京 中国人民大学出版社 2004.10 |
|
| 页数: | 498页 | |
| 开本: | 26cm | |
| 丛书名: | 双语教学丛书 | |
| 单 册: | ||
| 中图分类: | F252 | |
| 科图分类: | ||
| 主题词: | 物流--wu liu--英文--教材 | |
| 电子资源: | ||
| ISBN: | 7-300-05476-5 | |
| 000 | 01218nam 2200301 450 | |
| 001 | 012008857985 | |
| 005 | 20080509101916.17 | |
| 010 | @a7-300-05476-5@dCNY49.00 | |
| 100 | @a20080508d2004 em y0chiy0120 ea | |
| 101 | 0 | @aeng |
| 102 | @aCN@b110000 | |
| 105 | @aa z 000yy | |
| 106 | @ar | |
| 200 | 1 | @a当代物流学@Adang dai wu liu xue@f小保罗·R.墨菲, 唐纳德·F.伍德著@d= Contemporary logistics@fPaul P. Murphy Jr., Donald F. Wood@Fxiao bao luo·R.mo fei,tang na de·F.wu de zhu@zeng |
| 205 | @a影印版 | |
| 210 | @a北京@c中国人民大学出版社@d2004.10 | |
| 215 | @a498页@c图@d26cm | |
| 225 | 2 | @a双语教学丛书@Ashuang yu jiao xue cong shu |
| 305 | @a本书根据英文版第8版影印 | |
| 330 | @a本书在保留前几版优点的基础上进行了增删和修订,内容更加充实,更加贴近学生和教师的实际应用,适合用做本科物流学课程的教材。本书重点讨论20世纪90年代以来,在信息技术飞速发展的背景下出现的诸多实际问题。 | |
| 410 | 0 | @12001 @a双语教学丛书 |
| 510 | 1 | @aContemporary logistics@zeng |
| 606 | 0 | @a物流@Awu liu@x英文@j教材 |
| 690 | @aF252@v4 | |
| 701 | 1 | @a墨菲@Amo fei@g(Murphy, Paul Regis)@4著 |
| 701 | 1 | @a伍德@Awu de@g(Wood, Donald F.),@f1935- @4著 |
| 801 | 0 | @aCN@bQSSK@c20080509 |
| 905 | @b706376-77@dF252@eM901@f2 | |
| 当代物流学/小保罗·R.墨菲, 唐纳德·F.伍德著= Contemporary logistics/Paul P. Murphy Jr., Donald F. Wood.-影印版.-北京:中国人民大学出版社,2004.10 |
| 498页:图;26cm.-(双语教学丛书) |
| ISBN 7-300-05476-5:CNY49.00 |
| 本书在保留前几版优点的基础上进行了增删和修订,内容更加充实,更加贴近学生和教师的实际应用,适合用做本科物流学课程的教材。本书重点讨论20世纪90年代以来,在信息技术飞速发展的背景下出现的诸多实际问题。 |
| ● |
| 相关链接 |
|
|
|
正题名:当代物流学
索取号:F252/M901
 
预约/预借
| 序号 | 登录号 | 条形码 | 馆藏地/架位号 | 状态 | 备注 |
| 1 | 706376 | 207063764 | 社科库409/409社科库 80排3列2层/ [索取号:F252/M901] | 在馆 | |
| 2 | 706377 | 207063773 | 社科库409/409社科库 80排3列2层/ [索取号:F252/M901] | 在馆 |